01010nam a22001817a 4500003000400000005001700004008004100021022001800062040003100080245004800111260003700159300002800196500041600224650003800640942001500678999001500693952012000708OSt20241216202027.0241216b |||||||| |||| 00| 0 eng d 29780406977519 cCentral University Library aLaw Reports of the Commonwealth 2004 Vol. 2 aLondon, UKbButtwerworthscc2004 axxvii, 790 pagesc24 cm aGeneral Editors: Read James S. Prof. LL.B. of Gray’s Inn, Barrister. Slinn Peter E. M.A., PhD., Solicitor, England and Wales. Series Editor: Neville James BCL of King's Inn and of London's Inn, Barrister Sub-editor: Emile LLB, LLM, Ian Law. Editorial Consultant: Stafford Dianne, Director Legal and Constitutional Affairs Division, Commonwealth Secretariat. Senior Production Manager: Christine Stone.  2Law ReportxCommonwealth Nations  2lcccBKn0 c2346d2346 00102lcc40708NFICaMLLbMLLcGENd2024-12-16l0oLRC04 Vol. 2pLLM00001403r2024-12-16 20:21:22w2024-12-16yBK